000 00638nam a2200229Ia 4500
003 OSt
005 20221007071646.0
006 a|||||r|||| 00| 0
007 ta
008 221006b |||||||| |||| 00| 0 eng d
024 _a7,363
037 _cTextual
040 _aFLL
_cFLL
_beng
041 _2eng
_aeng
082 _aYZqa, L5
100 _aBlackstone Tessa Au.
_9689161
245 0 _aSocial policy and administration in britain a bibliography
260 _aLondon
_bFrances pinter ltd. London
_c1975
300 _a130p
_ccm.
942 _hYZqa, L5
_cTEXL
_2CC
999 _c1143908
_d1143908